Sports Quiz

Random Sports or Football Quiz

Idioyncratic Football Shirt Numbers Quiz Stats

 Plays Quiz not verified by Sporcle

Challenge
Share
Tweet
Embed
Score 0/24 Timer 03:00
0 Plays Today
Player / Club Number % Correct
Johann Cruyff / Ajax???
89.3%
David Beckham / Real Madrid???
83.9%
John Terry / Chelsea???
75%
Ryan Giggs / Man U???
71.4%
Nicolas Anelka / Chelsea???
71.4%
Paul Scholes / Man U???
67.9%
Diego Costa / Atletico Madrid???
66.1%
Bastian Schweinsteiger / Bayern???
60.7%
Roy Keane / Man U???
60.7%
Andrea Pirlo / AC Milan???
57.1%
Stephan El Sharaawy / AC Milan???
53.6%
Kaka / AC Milan???
53.6%
Player / Club Number % Correct
Alessandro Nesta / AC Milan???
48.2%
Antonio Candreva / Lazio???
48.2%
Thiago Silva / AC Milan???
37.5%
Vitor Baia / Porto???
37.5%
Victor Wanyama / Celtic???
33.9%
Aiden McGreedy / Celtic???
30.4%
Zinedine Zidane / Real Madrid???
26.8%
Asamoah Gyan / Ghana???
23.2%
Andiry Shevchenko / AC Milan???
23.2%
Goran Pandev / Lazio???
23.2%
Javier Zanetti / Inter Milan???
21.4%
Marouane Zerouali / Aberdeen???
9.1%

You're not logged in!

Compare scores with friends on all Sporcle quizzes.
OR
Log In

You Might Also Like...

Show Comments

Extras

Created Jun 18, 2016ReportNominate
Tags:Football Quiz, club, player, shirt

Top Quizzes Today


Score Distribution

Your Account Isn't Verified!

In order to create a playlist on Sporcle, you need to verify the email address you used during registration. Go to your Sporcle Settings to finish the process.

Report this User

Report this user for behavior that violates our Community Guidelines.

Details: